Fr. Conceicao Rodrigues College of Engineering

Metal cutting :theroy and practice (Record no. 32594)

MARC details
000 -LEADER
fixed length control field 00336nam a2200145Ia 4500
082 ## - DEWEY DECIMAL CLASSIFICATION NUMBER
Classification number 671.53
Item number BHA
100 ## - MAIN ENTRY--PERSONAL NAME
Personal name Bhattacharyya/A.
245 ## - TITLE STATEMENT
Title Metal cutting :theroy and practice
260 ## - PUBLICATION, DISTRIBUTION, ETC.
Name of publisher, distributor, etc. Central Book Publishing
Place of publication, distribution, etc. Culcutta
Date of publication, distribution, etc. 1984
300 ## - PHYSICAL DESCRIPTION
Extent 657
546 ## - LANGUAGE NOTE
Language note ENGLISH
654 ## - SUBJECT ADDED ENTRY--FACETED TOPICAL TERMS
Focus term Metal cutting
942 ## - ADDED ENTRY ELEMENTS (KOHA)
Koha item type BOOK
Holdings
Withdrawn status Lost status Damaged status Not for loan Collection Home library Current library Shelving location Date acquired Source of acquisition Cost, normal purchase price Inventory number Total Checkouts Full call number Barcode Date last seen Cost, replacement price Price effective from Koha item type
        CRC Fr. Agnel's C.Rodrigues College of Engineering Fr. Agnel's C.Rodrigues College of Engineering   17/03/2023 Book World 125.00 128 dt 12.11.90   671.53 BHA 3042 17/03/2023 125.00 12/11/1990 BOOK
        CRC Fr. Agnel's C.Rodrigues College of Engineering Fr. Agnel's C.Rodrigues College of Engineering   17/03/2023 Book World 125.00 128 dt 12.11.90   671.53 BHA 3043 17/03/2023 125.00 12/11/1990 BOOK
        CRC Fr. Agnel's C.Rodrigues College of Engineering Fr. Agnel's C.Rodrigues College of Engineering   17/03/2023 Book World 125.00 128 dt 12.11.90   671.53 BHA 3044 17/03/2023 125.00 12/11/1990 BOOK